|
|
|
|
| LEADER |
00000cam a2200000 a 4500 |
| 001 |
vtls001117820 |
| 003 |
SK-MaSNL |
| 005 |
20260301153621.0 |
| 008 |
240226s1983 xo a ar 000 j slo |
| 015 |
|
|
|a SNBA1984/03
|
| 020 |
|
|
|q (viazané)
|
| 035 |
|
|
|a SNK000060663
|
| 035 |
|
|
|a 6504B361-6073-409B-9B62-D76752B3EBD2
|
| 035 |
|
|
|a urn:nbn:sk:snk-am00idxf
|
| 040 |
|
|
|a SNK
|b slo
|c SNK
|e AACR2
|
| 041 |
1 |
|
|a slo
|h ger
|
| 044 |
|
|
|a xo
|c SK
|
| 072 |
|
7 |
|a 821.112.2
|x Nemecká literatúra, nemecky písaná
|2 konspekt
|
| 080 |
|
|
|a 821.112.2-34
|2 2011
|
| 080 |
|
|
|a 82-93-053.4/.5
|2 2011
|
| 100 |
1 |
|
|a Heuck, Sigrid,
|d 1932-2014
|4 aut
|4 ill
|9 515384
|
| 240 |
1 |
0 |
|a Pony, Bär und Apfelbaum
|l Slovensky
|
| 245 |
1 |
0 |
|a O poníkovi, medvedíkovi a stratených jablkách
|c Sigrid Heuck ; preložila Viera Švenková
|
| 250 |
|
|
|a 1. vyd.
|
| 260 |
|
|
|a Bratislava
|b Mladé letá
|c 1983
|e Košice
|f Východoslovenské tlačiarne
|
| 300 |
|
|
|a 26 nečíslovaných strán
|b ilustrácie
|c 23 cm
|
| 366 |
|
|
|e 18000 výtl.
|
| 490 |
1 |
|
|a Obrázkové knižky
|
| 521 |
8 |
|
|a Pre najmenších
|
| 655 |
|
7 |
|a nemecké rozprávky
|2 SNKPH
|9 70666
|
| 655 |
|
7 |
|a literatúra pre deti
|2 SNKPH
|9 87135
|
| 655 |
|
7 |
|a German fairy tales
|2 SNKPHeng
|9 283777
|
| 655 |
|
7 |
|a Children's literature
|2 SNKPHeng
|9 276039
|
| 700 |
1 |
|
|a Švenková, Viera,
|d 1937-
|4 trl
|
| 830 |
|
0 |
|a Obrázkové knižky
|9 276629
|
| 852 |
|
|
|a Slovenská národná knižnica
|
| 954 |
|
|
|a beletria cudzojazyčná (svetová)
|2 lita
|
| 954 |
|
|
|a ilustrované knihy, leporelá, komiksy cudzojazyčné (svetové)
|2 lita
|
| 958 |
|
|
|a OND
|
| 958 |
|
|
|a LX
|
| 958 |
|
|
|a DB
|
| 958 |
|
|
|a DE
|
| 958 |
|
|
|a UP
|
| 958 |
|
|
|a RK
|
| 958 |
|
|
|a TL
|
| 958 |
|
|
|a EUIPO
|
| 968 |
|
|
|a SLO
|b DT
|
| 999 |
|
|
|c 793749
|d 795679
|
| 952 |
|
|
|a SNK
|b SNK
|y PREZ
|7 0
|p 17A0900865
|o snkSC 59847
|i snkKSP 2072/84
|0 0
|1 0
|4 0
|d 1996-05-29
|f 1
|l 0
|r 2025-06-09 00:00:00
|w 2026-02-24
|
| 952 |
|
|
|a SNK
|b SNK
|y VYP
|7 0
|p 17A0515573
|o snkSC 59847 D1
|i snkKSP 2073/84
|0 0
|1 0
|4 0
|d 1996-05-29
|l 0
|r 2004-12-31 00:00:00
|w 2026-02-24
|